000 00361nam a2200145Ia 4500
008 180207s9999 xx 000 0 und d
020 _a9781850382799
050 _bL778 [1995]
245 _aLittle red riding hood /
260 _aUK :
260 _bHolland Enterprises Limited,
260 _c[1995]
300 _aunpaged :
300 _bcolor illustration ;
999 _c355037
_d355037